000 00834nam a2200229 a 4500
001 000021232
005 20200930011253.0
008 100902s1972 sp 000 d spa d
040 _aDO-SdBNP
_bspa
_cBNPHU
082 _a842.4
_bP831t
100 1 _aMolière
_cJean Baptiste Poquellin
_d1622-1673.
_944376
245 1 0 _aTartufo o el impostor :
_bcomedias en cinco actos /
_cMolière ; traducción y notas Julio Gómez de la Serna.
246 1 3 _aEl despecho amoroso:
_bcomedias en cinco actos
260 _aBarcelona, (España) :
_bEditorial Ramón Sopena,
_c1972.
300 _a176 p. ;
_c17 cm.
490 1 _aBiblioteca Sopena
650 4 _aTeatro francés
_95359
650 4 _aLiteratura francesa
_91074
700 1 _aGómez de la Serna, Julio,
_etr.
_912818
740 1 _aEl espertador amoroso
830 0 _aBiblioteca Sopena
_912815
999 _c20733
_d20733